Nhện (Araneae, Arachnida) là thiên địch của sâu hại cây trồng
Cuốn sách này giới thiệu nhện như các loài động vật nhỏ có lợi trong nông nghiệp hơn là có hại như người ta thường hay sợ do chúng có nọc độc mà đôi khi vì tự vệ chúng có thể cắn người. Sách giới thiệu các đặc điểm về hình thái,...
Bewaard in:
| Hoofdauteur: | |
|---|---|
| Formaat: | Boek |
| Taal: | Undetermined |
| Gepubliceerd in: |
Thành phố Hồ Chí Minh
Nông nghiệp
2002
|
| Onderwerpen: | |
| Tags: |
Voeg label toe
Geen labels, Wees de eerste die dit record labelt!
|
| Thư viện lưu trữ: | Trung tâm Học liệu Trường Đại học Cần Thơ |
|---|
| LEADER | 01066nam a2200205Ia 4500 | ||
|---|---|---|---|
| 001 | CTU_52901 | ||
| 008 | 210402s9999 xx 000 0 und d | ||
| 020 | |b 10000 | ||
| 082 | |a 632.763 | ||
| 082 | |b H531 | ||
| 100 | |a Nguyễn, Văn Huỳnh | ||
| 245 | 0 | |a Nhện (Araneae, Arachnida) là thiên địch của sâu hại cây trồng | |
| 245 | 0 | |c Nguyễn Văn Huỳnh | |
| 260 | |a Thành phố Hồ Chí Minh | ||
| 260 | |b Nông nghiệp | ||
| 260 | |c 2002 | ||
| 520 | |a Cuốn sách này giới thiệu nhện như các loài động vật nhỏ có lợi trong nông nghiệp hơn là có hại như người ta thường hay sợ do chúng có nọc độc mà đôi khi vì tự vệ chúng có thể cắn người. Sách giới thiệu các đặc điểm về hình thái, phân loại nhện, đặc tính sinh học và sinh thái của chúng,... | ||
| 650 | |a Spiders | ||
| 904 | |i Năm | ||
| 980 | |a Trung tâm Học liệu Trường Đại học Cần Thơ | ||